Biotecnología de los materiales: introducción a la deterioración y degradación biológica de los materiales de interés tecnológico
Spremljeno u:
| Glavni autor: | |
|---|---|
| Format: | Knjiga |
| Jezik: | španjolski |
| Izdano: |
Madrid
Centro de Estudios y Experimentación de Obras Públicas
1991
|
| Serija: | Monografías Cedex, 21
|
| Teme: | |
| Oznake: |
Dodaj oznaku
Bez oznaka, Budi prvi tko označuje ovaj zapis!
|
MARC
| LEADER | 00000nam a2200000 a 4500 | ||
|---|---|---|---|
| 001 | UCL5841 | ||
| 003 | CL-VaPUC | ||
| 008 | 040319e19910000SP |||||||||||||||||spa|d | ||
| 020 | |a 8477900914 | ||
| 082 | 0 | 4 | |a 620.112 |b MUÑ |2 21 |
| 100 | |a Muñoz Cebrián, José María |e autor |9 483541 | ||
| 245 | 1 | 0 | |a Biotecnología de los materiales: introducción a la deterioración y degradación biológica de los materiales de interés tecnológico |
| 300 | |a 187 p | ||
| 942 | |c BK | ||
| 945 | |d 20040319 00:00:00 |a cmena | ||
| 260 | |a Madrid |b Centro de Estudios y Experimentación de Obras Públicas |c 1991 | ||
| 650 | 0 | |a Resistencia de materiales |9 260095 | |
| 650 | 0 | |a Materiales de construcción |9 260197 | |
| 650 | 7 | |a BIODEGRADACION |2 CL-VaPUC |9 323969 | |
| 650 | 0 | |a Medio ambiente |9 257625 | |
| 583 | |a last modification |c 20040319 00:00:00 |k Rodrigo Vera | ||
| 490 | 0 | |a Monografías Cedex, 21 | |
| 999 | |c 308225 |d 308223 | ||
| 952 | |0 0 |1 0 |4 0 |6 620_112000000000000_MUÑ_1991 |7 0 |8 A |9 374563 |a BIBING |b BIBING |d 2019-11-21 |i 2111020 |o 620.112 MUÑ 1991 |p 2111020 |r 2025-01-20 |w 2019-11-21 |y BK |k CCL | ||